00469nam a22001697a 450000500170000001000130001702000260003003500130005603700130006908200060008210000100008824500430009826000280014127000900016930000200025949000200027920180601161605.0 aB-694052 a9789382618348c450.00 aB-694052 bRK Books aN aAmish aThe Oath of the Vayuputras /cby Amish aChennaibWestlandc2013 a61, Silverline Building, 2nd floor, Alapakkam Main Road, Mauravoyal bChennaie600095 a575p.c18cm(pbk aShiva Trilogy 3